Toàn cầu hoá kinh tế : lối thoát của Trung Quốc là ở đâu?

Gorde:
Xehetasun bibliografikoak
Egile nagusia: Lưu Lực
Formatua: Liburua
Argitaratua: Khoa học xã hội 2001
Etiketak: Etiketa erantsi
Etiketarik gabe, Izan zaitez lehena erregistro honi etiketa jartzen!
Thư viện lưu trữ: Mạng thư viện Đại học Đà Nẵng
LEADER 00635nam a2200229 a 4500
001 000029320
003 13877
005 20171030145630.0
008 171030s2001
020 |c 50000 
040 |a LTT 
082 0 |a 330.95  |b LƯ-L 
100 1 |a Lưu Lực 
245 0 0 |a Toàn cầu hoá kinh tế : lối thoát của Trung Quốc là ở đâu?  |c Lưu Lực ; Trung tâm nghiên cứu Trung Quốc dịch. 
260 |b Khoa học xã hội  |c 2001 
OWN |a LTT 
999 |a From the UDN01 
TYP |a Monograph 
TYP |a Printed language 
980 |a Mạng thư viện Đại học Đà Nẵng